LEADER 00920nam1-2200325---450- 001 990008371500403321 005 20130912125725.0 035 $a000837150 035 $aFED01000837150 035 $a(Aleph)000837150FED01 035 $a000837150 100 $a20060904d2005----km-y0itay50------ba 101 1 $aita 102 $aIT 105 $a--------001yy 200 1 $a<>Poste in Italia$fopera diretta da Valerio Castronovo 210 $aRoma$cLaterza$d2005 215 $av.$cill.$d24 cm 225 1 $aStoria dell'impresa 225 1 $aGrandi opere 463 \1$1001990008371520403321$12001 $a<> origini del servizio pubblico$e1861-1889 610 0 $aPoste e telegrafi 676 $a383.4945 702 1$aCastronovo,$bValerio$f<1935- > 801 0$aIT$bUNINA$gRICA$2UNIMARC 901 $aBK 912 $a990008371500403321 959 $aDECSE 996 $aPoste in Italia$9723835 997 $aUNINA LEADER 01919nas 2200457 n 450 001 990008934920403321 005 20240229084534.0 011 $a0068-4945 035 $a000893492 035 $aFED01000893492 035 $a(Aleph)000893492FED01 035 $a000893492 091 $2CNR$aP 00051681 100 $a20161109a19459999km-y0itaa50------ba 101 0 $afre 102 $aFR 110 $aauu-------- 200 1 $aCahiers archéologiques$eFin de l'antiquité et moyen âge 207 1$a1945- 210 $aParis$cKlincksieck 326 $aAnnuale 421 0$12001$aCahiers archéologiques. Supplément 530 0 $aCahiers archéologiques 675 $a930.26 675 $a930 675 $a94 675 $a902 676 $a913 801 0$aIT$bACNP$c20090723 859 4 $uhttp://acnp.cib.unibo.it/cgi-ser/start/it/cnr/dc-p1.tcl?catno=35158&person=false&language=ITALIANO&libr=&libr_th=unina1$zBiblioteche che possiedono il periodico 901 $aSE 912 $a990008934920403321 958 $aBRAU. Biblioteca di Ricerca di Area Umanistica$b1945-1968;1970-1972;1974-1999;$eFRANCIA 29$fFLFBC 958 $aBiblioteca Centralizzata. Facoltà di Architettura dell'Università Federico II$b1979-1992;$eDeposito$fFARBC 959 $aFLFBC 959 $aFARBC 996 $aCahiers archéologiques$9796542 997 $aUNINA AP1 8 $6866-01$aNA072 BRAU. Biblioteca di Ricerca di Area Umanistica$bFRANCIA 29$ePiazza Bellini 56/60, 80133 Napoli (NA)$m(081) 2533948$nit AP1 8 $6866-02$aNA088 Biblioteca Centralizzata. Facoltà di Architettura dell'Università Federico II$bDeposito$eVia Monteoliveto,3. Palazzo Gravina, 80134 Napoli (NA)$m0812538081$m0812538023$nit AP2 40$aacnp.cib.unibo.it$nACNP Italian Union Catalogue of Serials$uhttp://acnp.cib.unibo.it/cgi-ser/start/it/cnr/df-p.tcl?catno=35158&language=ITALIANO&libr=&person=&B=1&libr_th=unina&proposto=NO LEADER 01848nas 2200565-a 450 001 996203956403316 005 20210517211208.0 011 $a2163-5242 024 7 $aZ672 035 $a(CKB)954925610924 035 $a(CONSER)--2008249035 035 $a(DE-599)ZDB2070451-3 035 $a(OCoLC)42821691 035 $a(MiAaPQ)40834 035 $a(EXLCZ)99954925610924 100 $a19991113a19979999 --- a 101 0 $aeng 135 $aurmnu|||||||| 181 $ctxt$2rdacontent 182 $cc$2rdamedia 183 $acr$2rdacarrier 200 10$aReference & user services quarterly $eRUSQ 210 $aChicago, IL $cAmerican Library Association$d©1997- 300 $aRefereed/Peer-reviewed 311 $a1094-9054 517 3 $aReference and user services quarterly 606 $aReference services (Libraries)$vPeriodicals 606 $aLibrary science$vPeriodicals 606 $aLibrary Services 606 $aBibliothèques$xServices de référence$vPériodiques 606 $aBibliothéconomie$vPériodiques 606 $aLibrary Reference Services$2ebps 606 $aLibrary science$2fast$3(OCoLC)fst00997916 606 $aReference services (Libraries)$2fast$3(OCoLC)fst01092439 608 $aPeriodicals.$2fast 610 $aBusiness$aLibrary and information science. 615 0$aReference services (Libraries) 615 0$aLibrary science 615 2$aLibrary Services. 615 6$aBibliothèques$xServices de référence 615 6$aBibliothéconomie 615 7$aLibrary Reference Services. 615 7$aLibrary science. 615 7$aReference services (Libraries) 676 $a025 712 02$aReference and User Services Association. 906 $aJOURNAL 912 $a996203956403316 996 $aReference & user services quarterly$92178865 997 $aUNISA